000 01406nam0a22002891 4500
001 rc\3592731
005 20130115142412.4
021 _aRU
_b[74-62873]
035 _a(NLR Aleph) 007809333
090 _a7708359
_c7708359
100 _a20130115g19731974|||y0rusy50 ca
101 0 _arus
102 _aRU
105 _ay z |||||
200 1 _aПраздник цветов
_eЭстет. воспитание в культ.-просвет. учреждениях
_e[Сборник]
_fМ-во культуры КазССР. Респ. науч.-метод. кабинет культпросветработы
210 _aАлма-Ата
_cБ. и.
_d1973 [вып. дан. 1974]
215 _a28 с.
_d19
300 _aНа обороте тит. л. сост.: засл. работник культуры КазССР П.Г. Жукова
606 _aПраздники цветов
_jМатериалы для культурно-просветительных учреждений
_2psbo
606 _aКультурно-просветительная работа
_2psbo
702 1 _aЖукова
_bП. Г.
_4220
712 0 2 _aКазахский респ. метод. кабинет культурно-просветительной работы
_eАлма-Ата
_3RU\NLR\AUTH\8810147944
801 0 _aRU
_bNLR
_gpsbo
801 1 _aRU
_bELAR
_2rusmarc
852 _aNLR
_j74-4/15092
942 _cBOOK
980 _aNB